000
00307nam a2200133Ia 4500
005
20251222155145.0
008
251222s9999||||xx |||||||||||||| ||spa||
082
_a
MEQ.117
100
_a
C.COLLINS,Robert.
245
0
_a
NeurologĂa
250
_a
1ra. ed.
264
_b
Mc Graw Hill-Interam.
942
_c
LIB
999
_c
39331
_d
39331